WIRELESS COMMUNUICATION (Record no. 8229)

MARC details
000 -LEADER
fixed length control field 00435nam a22001577a 4500
003 - CONTROL NUMBER IDENTIFIER
control field SGT
020 ## - INTERNATIONAL STANDARD BOOK NUMBER
International Standard Book Number 9788120335141
082 ## - DEWEY DECIMAL CLASSIFICATION NUMBER
Classification number 621.382
Item number MUT
100 ## - MAIN ENTRY--PERSONAL NAME
Personal name NATHAN,P. MUTHU CHIDAMBARA
245 ## - TITLE STATEMENT
Title WIRELESS COMMUNUICATION
260 ## - PUBLICATION, DISTRIBUTION, ETC. (IMPRINT)
Place of publication, distribution, etc NEW DELHI
Name of publisher, distributor, etc PHI
Year of Publication 2013
300 ## - PAGE DESCRIPTION
No. of Pages 219
650 ## - SUBJECT ADDED ENTRY--TOPICAL TERM
Topical term or geographic name as entry element ELECTRONICS ENGINEERING
653 ## - KEYWORDS--INDEX TERM
Keyword term WIRELESS COMMUNICATION,CELLULAR CONCEPT, CELLULAR CAPACITY AND IMPROVEMENT TECHNIQUES,
942 ## - ADDED ENTRY ELEMENTS (KOHA)
Source of classification or shelving scheme Dewey Decimal Classification
Koha item type Books
Holdings
Withdrawn status Lost status Source of classification or shelving scheme Damaged status Use restrictions Not for loan Home library Current library Shelving location Date acquired Vendor Name Cost, normal purchase price SGTU Full call number Accession No. (Barcode) Date last seen Bill Date Koha item type
    Dewey Decimal Classification   Restricted Access Not For Loan SGT Engineering Library SGT Engineering Library Reference Book 12/01/2016 GIFTED 225.00 SGTU 621.382 MUT FE6498 12/01/2016 12/01/2016 Books